000 00746nam a2200193Ia 4500
003 OSt
005 20251210103558.0
008 221004b |||||||| |||| 00| 0 hin d
037 _cTextual
040 _aAL
_cAL
_bhin
041 _2hin
_ahin
100 _aमुकुन्दहरि
_9855682
245 0 _aस्मृति ग्रन्थ
246 _aSmṛuti grantha
260 _aवृन्दावन
_bप्राच्यदर्शन महाविद्यालय भारत
_c1990
650 _aआध्यात्मिक अनुभव और रहस्यवाद
_9855683
942 _hΔjN15 N0
_cTB
_2cc
_n0
999 _c1023720
_d1023720